00437nam a22001577a 450000500170000001000130001702000260003003500130005603700160006908200100008510000200009524500550011526000400017027000500021030000190026020200127104143.0 aB-731167 a9789382025764c295.00 aB-731167 aDPLbPigeon a650.1 aBennett, Arnold aHow to live on 24 hours a day /bby Arnold Bennett aNew DelhibPigeon Books Indiac2017 a16, Ansari Road,Daryaganj,bNew Delhie110002 a69p.b21cm(Hb)